[Event "Wch Blitz 8th"]
[Site "Dubai"]
[Date "2014.06.19"]
[Round "3"]
[White "Naiditsch, Arkadij"]
[Black "Radjabov, Teimour"]
[Result "1/2-1/2"]
[WhiteElo "2705"]
[BlackElo "2724"]
[PlyCount "99"]
[EventDate "2014.06.19"]
[EventType "swiss (blitz)"]
[EventRounds "21"]
[EventCountry "UAE"]
[SourceTitle "CBM 160 Extra"]
[Source "ChessBase"]
[SourceDate "2014.07.01"]
[SourceVersion "1"]
[SourceVersionDate "2014.07.01"]
[SourceQuality "1"]

1. e4 e5 2. Nf3 Nc6 3. Bb5 Nf6 4. O-O Nxe4 5. d4 Nd6 6. Bxc6 dxc6 7. dxe5 Nf5
8. Qxd8+ Kxd8 9. c4 h6 10. Nc3 Ne7 11. h3 Ng6 12. Be3 Bb4 13. Ne4 Be6 14. b3
Be7 15. Ng3 Ke8 16. Nh5 Rg8 17. g4 Rd8 18. Rad1 Rxd1 19. Rxd1 c5 20. Kg2 a6 21.
Kg3 b5 22. cxb5 axb5 23. Rc1 c4 24. Nd4 Nxe5 25. Nxb5 Kd7 26. Nf4 Rb8 27. Nxe6
fxe6 28. Rd1+ Kc8 29. bxc4 Nxc4 30. Na7+ Kb7 31. Rb1+ Nb6 32. Nb5 Ra8 33. Bf4
Rxa2 34. Bxc7 Bc5 35. Bxb6 Bxb6 36. Nd6+ Kc6 37. Ne4 Ra3+ 38. Kg2 Bd4 39. Rd1
Kd5 40. f3 Ra2+ 41. Kg3 Rc2 42. Kh4 g6 43. Kg3 Ke5 44. h4 Be3 45. Kh3 Bf4 46.
Ng3 Bxg3 47. Kxg3 Rc7 48. Rd8 Kf6 49. Rg8 Kf7 50. Rd8 1/2-1/2

[Event "Wch Blitz 8th"]
[Site "Dubai"]
[Date "2014.06.19"]
[Round "4"]
[White "Radjabov, Teimour"]
[Black "Ragger, Markus"]
[Result "1/2-1/2"]
[WhiteElo "2724"]
[BlackElo "2632"]
[PlyCount "163"]
[EventDate "2014.06.19"]
[EventType "swiss (blitz)"]
[EventRounds "21"]
[EventCountry "UAE"]
[SourceTitle "CBM 160 Extra"]
[Source "ChessBase"]
[SourceDate "2014.07.01"]
[SourceVersion "1"]
[SourceVersionDate "2014.07.01"]
[SourceQuality "1"]

1. d4 d5 2. Nf3 Nf6 3. Bf4 c5 4. e3 Nc6 5. c3 Qb6 6. Qb3 c4 7. Qc2 Bf5 8. Qc1
e6 9. Be2 Be7 10. h3 h6 11. Nbd2 O-O 12. O-O Rfc8 13. Bd1 Qd8 14. Bc2 b5 15.
Re1 b4 16. e4 dxe4 17. Nxe4 Nxe4 18. Bxe4 Bxe4 19. Rxe4 Qd5 20. Qe3 bxc3 21.
bxc3 Bf6 22. Re1 Ne7 23. Be5 Bxe5 24. Nxe5 Rab8 25. Qf4 Rf8 26. R4e2 Rb7 27. h4
Qa5 28. Nxc4 Qxc3 29. Nd6 Rd7 30. Ne4 Qb4 31. Rd2 Nd5 32. Qg3 f5 33. a3 Qa5 34.
Qg6 fxe4 35. Qxe6+ Rdf7 36. Rdd1 Kh8 37. Rxe4 Nc3 38. Re5 Qxa3 39. Rf1 Qb4 40.
d5 Qxh4 41. g3 Qf6 42. Re3 Nb5 43. Qg4 Nd4 44. Kg2 Nf5 45. Re4 Qd6 46. Rd1 Ne7
47. Rd2 Qg6 48. d6 Qxg4 49. Rxg4 Nf5 50. Rf4 Nxd6 51. Rxd6 Rxf4 52. gxf4 Rxf4
53. Kg3 Ra4 54. f4 Kh7 55. f5 a5 56. Rd7 Kg8 57. Ra7 Kf8 58. Kf3 Ra1 59. Kg4 a4
60. Kh5 Rg1 61. f6 Rg5+ 62. Kh4 gxf6 63. Rxa4 Kf7 64. Ra8 Rb5 65. Kg4 Rb7 66.
Kf5 Rb5+ 67. Kf4 h5 68. Rh8 Kg7 69. Ra8 Kg6 70. Rg8+ Kf7 71. Ra8 h4 72. Kg4
Rb4+ 73. Kf5 h3 74. Ra7+ Kg8 75. Kxf6 h2 76. Ra1 Kh7 77. Rh1 Rb2 78. Kg5 Kg7
79. Kg4 Kg6 80. Kg3 Kg5 81. Rxh2 Rxh2 82. Kxh2 1/2-1/2

[Event "Wch Blitz 8th"]
[Site "Dubai"]
[Date "2014.06.19"]
[Round "5"]
[White "Lenic, Luka"]
[Black "Radjabov, Teimour"]
[Result "0-1"]
[WhiteElo "2659"]
[BlackElo "2724"]
[PlyCount "90"]
[EventDate "2014.06.19"]
[EventType "swiss (blitz)"]
[EventRounds "21"]
[EventCountry "UAE"]
[SourceTitle "CBM 160 Extra"]
[Source "ChessBase"]
[SourceDate "2014.07.01"]
[SourceVersion "1"]
[SourceVersionDate "2014.07.01"]
[SourceQuality "1"]

1. c4 g6 2. e4 Bg7 3. d4 d6 4. Ne2 Nf6 5. Nec3 O-O 6. Be2 a6 7. O-O e5 8. d5
Ne8 9. Be3 Nd7 10. Nd2 f5 11. f3 f4 12. Bf2 g5 13. b4 Rf6 14. g4 Bf8 15. Kg2 h5
16. h3 Rh6 17. Rc1 Qf6 18. Na4 a5 19. a3 Qh8 20. Rh1 hxg4 21. fxg4 b6 22. Bf3
axb4 23. axb4 Ndf6 24. Nc3 Bd7 25. Ra1 Rxa1 26. Qxa1 Be7 27. Nb5 Kf7 28. Na7
Kg6 29. Nc6 Bf8 30. Nb3 Qh7 31. Nc1 Kg7 32. Nxe5 dxe5 33. Qxe5 Kg8 34. Nd3 Nxg4
35. Bxg4 Bxg4 36. Qxe8 Rxh3 37. Rxh3 Qxh3+ 38. Kg1 Qxd3 39. Qg6+ Bg7 40. Qxg5
Qd1+ 41. Kh2 Qf3 42. Qd8+ Kf7 43. Qxc7+ Kg6 44. Qxb6+ Kh7 45. e5 Bh3 0-1

[Event "Wch Blitz 8th"]
[Site "Dubai"]
[Date "2014.06.19"]
[Round "6"]
[White "Radjabov, Teimour"]
[Black "Anton Guijarro, David"]
[Result "1-0"]
[WhiteElo "2724"]
[BlackElo "2631"]
[PlyCount "87"]
[EventDate "2014.06.19"]
[EventType "swiss (blitz)"]
[EventRounds "21"]
[EventCountry "UAE"]
[SourceTitle "CBM 160 Extra"]
[Source "ChessBase"]
[SourceDate "2014.07.01"]
[SourceVersion "1"]
[SourceVersionDate "2014.07.01"]
[SourceQuality "1"]

1. d4 Nf6 2. Nc3 d5 3. Bf4 c6 4. e3 Bf5 5. Nf3 e6 6. Be2 h6 7. O-O Nbd7 8. Bd3
Bxd3 9. Qxd3 Bb4 10. a3 Bxc3 11. Qxc3 Ne4 12. Qd3 g5 13. Bg3 h5 14. Nd2 Nxd2
15. Qxd2 h4 16. Be5 f6 17. Bd6 Kf7 18. a4 Nb6 19. Bb4 Nc4 20. Qc1 a5 21. Ba3
Nd6 22. Bxd6 Qxd6 23. Qd2 e5 24. Rad1 e4 25. f3 Qe6 26. f4 g4 27. b3 g3 28. h3
Qf5 29. c4 Rhd8 30. Qe2 Kg6 31. Rc1 Qh5 32. f5+ Kh6 33. Qb2 Rd7 34. Rf4 Rg8 35.
Rcf1 c5 36. cxd5 Rxd5 37. dxc5 Rf8 38. Rxe4 Rd1 39. Ref4 Rxf1+ 40. Rxf1 Kg7 41.
Qd4 Rf7 42. Rf4 Re7 43. Rg4+ Kf7 44. Qd5+ 1-0

[Event "Wch Blitz 8th"]
[Site "Dubai"]
[Date "2014.06.19"]
[Round "7"]
[White "Radjabov, Teimour"]
[Black "Nepomniachtchi, Ian"]
[Result "0-1"]
[WhiteElo "2724"]
[BlackElo "2730"]
[PlyCount "72"]
[EventDate "2014.06.19"]
[EventType "swiss (blitz)"]
[EventRounds "21"]
[EventCountry "UAE"]
[SourceTitle "CBM 160 Extra"]
[Source "ChessBase"]
[SourceDate "2014.07.01"]
[SourceVersion "1"]
[SourceVersionDate "2014.07.01"]
[SourceQuality "1"]

1. Nf3 g6 2. c4 Bg7 3. d4 f5 4. Nc3 Nf6 5. g3 O-O 6. Bg2 d6 7. O-O c6 8. b4 h6
9. b5 Be6 10. bxc6 bxc6 11. d5 cxd5 12. Nd4 Bf7 13. cxd5 Na6 14. Bb2 Nc7 15.
Nc6 Qd7 16. Rb1 Rfc8 17. Ba1 Na6 18. Qd2 Kh7 19. Rfd1 Nc5 20. h3 Rc7 21. Nd4
Rac8 22. Qe3 Nce4 23. Nxe4 fxe4 24. Bxe4 Nxd5 25. Bxd5 Bxd5 26. Nb5 Rc5 27.
Bxg7 Kxg7 28. Nc3 Ba8 29. Qd4+ Kh7 30. Rb3 Qxh3 31. Ne4 Rh5 32. f3 Bxe4 33.
fxe4 Rf8 34. Rf3 Rxf3 35. exf3 Qxg3+ 36. Kf1 Qxf3+ 0-1

[Event "Wch Blitz 8th"]
[Site "Dubai"]
[Date "2014.06.19"]
[Round "8"]
[White "Cheparinov, Ivan"]
[Black "Radjabov, Teimour"]
[Result "1-0"]
[WhiteElo "2682"]
[BlackElo "2724"]
[PlyCount "153"]
[EventDate "2014.06.19"]
[EventType "swiss (blitz)"]
[EventRounds "21"]
[EventCountry "UAE"]
[SourceTitle "CBM 160 Extra"]
[Source "ChessBase"]
[SourceDate "2014.07.01"]
[SourceVersion "1"]
[SourceVersionDate "2014.07.01"]
[SourceQuality "1"]

1. d4 e6 2. c4 Nf6 3. Nf3 d5 4. g3 Be7 5. Bg2 O-O 6. O-O dxc4 7. Ne5 Nc6 8.
Bxc6 bxc6 9. Nxc6 Qe8 10. Nxe7+ Qxe7 11. Qc2 e5 12. Rd1 Bb7 13. Nc3 Rad8 14.
dxe5 Rxd1+ 15. Qxd1 Qxe5 16. Bf4 Qe6 17. f3 Qb6+ 18. Kg2 Qxb2 19. Qc1 Qb6 20.
Rb1 Qc6 21. Qd2 a6 22. e4 h6 23. Qd4 Bc8 24. Be5 Be6 25. Rb2 Ne8 26. Rd2 f6 27.
Bf4 g5 28. Be3 Nd6 29. Qc5 Qxc5 30. Bxc5 Rd8 31. f4 Bf7 32. Kf3 Kg7 33. Rd4 Nb7
34. Rxd8 Nxd8 35. Be7 Nc6 36. Bc5 Nd8 37. Ke3 Nb7 38. Be7 Nd6 39. a4 Nc8 40.
Bd8 c6 41. f5 Nd6 42. Kd4 c5+ 43. Ke3 Nc8 44. Bc7 Kf8 45. e5 fxe5 46. Bxe5 Ne7
47. Ke4 Ke8 48. Bd6 Ng8 49. Ke5 h5 50. Bxc5 Nh6 51. h3 g4 52. h4 Bg8 53. Ne4
Kd7 54. Nf6+ Kc6 55. Bd4 Bf7 56. Be3 Ng8 57. Ne4 Ne7 58. Ng5 Bd5 59. f6 Ng6+
60. Kf5 Nh8 61. Bd4 Kd6 62. a5 Kd7 63. Ke5 Kc6 64. Kf5 Kd7 65. Ne4 Bxe4+ 66.
Kxe4 Ke6 67. Bc3 Nf7 68. Kd4 Nd6 69. f7 Kxf7 70. Kd5 Nf5 71. Be5 c3 72. Bxc3
Nxg3 73. Kc6 Ne2 74. Be1 g3 75. Kb6 g2 76. Bf2 Nd4 77. Bxd4 1-0

[Event "Wch Blitz 8th"]
[Site "Dubai"]
[Date "2014.06.19"]
[Round "9"]
[White "Onischuk, Vladimir"]
[Black "Radjabov, Teimour"]
[Result "0-1"]
[WhiteElo "2594"]
[BlackElo "2724"]
[PlyCount "80"]
[EventDate "2014.06.19"]
[EventType "swiss (blitz)"]
[EventRounds "21"]
[EventCountry "UAE"]
[SourceTitle "CBM 160 Extra"]
[Source "ChessBase"]
[SourceDate "2014.07.01"]
[SourceVersion "1"]
[SourceVersionDate "2014.07.01"]
[SourceQuality "1"]

1. e4 e6 2. d4 d5 3. Bd3 c5 4. exd5 Qxd5 5. Nc3 Qd8 6. Bf4 Nf6 7. Nb5 Nd5 8.
Bg3 a6 9. Nc3 Nb4 10. Nf3 N8c6 11. dxc5 Nxd3+ 12. Qxd3 Qxd3 13. cxd3 Bxc5 14.
Ne4 Be7 15. Nd6+ Bxd6 16. Bxd6 f6 17. d4 Kf7 18. O-O Rd8 19. Bc5 Bd7 20. Rac1
Be8 21. a3 Rd5 22. b4 Rad8 23. Bb6 R8d7 24. Rfe1 g5 25. h3 h5 26. g4 h4 27. Kf1
Ne7 28. Bc7 Ng6 29. Bh2 a5 30. Rc8 axb4 31. axb4 Ne7 32. Ra8 Nc6 33. Rc1 Nxb4
34. Rcc8 Re7 35. Be5 Bb5+ 36. Kg1 fxe5 37. Nxg5+ Kg6 38. Rg8+ Rg7 39. Nxe6 Rxg8
40. Rxg8+ Kf7 0-1

[Event "Wch Blitz 8th"]
[Site "Dubai"]
[Date "2014.06.19"]
[Round "11"]
[White "Yudin, Sergei"]
[Black "Radjabov, Teimour"]
[Result "1-0"]
[WhiteElo "2546"]
[BlackElo "2724"]
[PlyCount "115"]
[EventDate "2014.06.19"]
[EventType "swiss (blitz)"]
[EventRounds "21"]
[EventCountry "UAE"]
[SourceTitle "CBM 160 Extra"]
[Source "ChessBase"]
[SourceDate "2014.07.01"]
[SourceVersion "1"]
[SourceVersionDate "2014.07.01"]
[SourceQuality "1"]

1. e4 e6 2. d4 d5 3. Nd2 c5 4. Ngf3 cxd4 5. Nxd4 Nf6 6. exd5 Qxd5 7. Nb5 Na6 8.
Nc3 Qd8 9. a3 Be7 10. Qf3 Nc5 11. Nde4 Ncxe4 12. Nxe4 O-O 13. Nxf6+ Bxf6 14.
Bd3 Qa5+ 15. Kf1 Rd8 16. h4 Bd7 17. Qe4 h6 18. Be3 b6 19. Re1 Rac8 20. Rh3 Bb5
21. Qh7+ Kf8 22. Rf3 Bxd3+ 23. cxd3 Qh5 24. Bxh6 Ke7 25. Rxf6 Rg8 26. Bg5 Qxh7
27. Rh6+ f6 28. Bxf6+ Kf7 29. Rxh7 Kxf6 30. Rh5 Rc2 31. Rhe5 Re8 32. R5e2 Rc5
33. g3 a5 34. Kg2 Rd5 35. Re3 Rd6 36. Rc1 Red8 37. Rc3 R8d7 38. g4 b5 39. f3
Rd5 40. Kg3 R7d6 41. h5 Rd7 42. Rc6 Re7 43. Rb6 a4 44. Re4 Rc5 45. Rf4+ Kg5 46.
Rb4 e5 47. R6xb5 Rxb5 48. Rxb5 Kf6 49. Rb6+ Kf7 50. Rb4 Rd7 51. Rxa4 Rxd3 52.
Rb4 Kf6 53. a4 Kg5 54. a5 Rd6 55. Ra4 Ra6 56. b4 e4 57. fxe4 Rd6 58. a6 1-0

[Event "Wch Blitz 8th"]
[Site "Dubai"]
[Date "2014.06.20"]
[Round "12"]
[White "Radjabov, Teimour"]
[Black "Bologan, Viktor"]
[Result "1-0"]
[WhiteElo "2724"]
[BlackElo "2661"]
[PlyCount "116"]
[EventDate "2014.06.19"]
[EventType "swiss (blitz)"]
[EventRounds "21"]
[EventCountry "UAE"]
[SourceTitle "CBM 160 Extra"]
[Source "ChessBase"]
[SourceDate "2014.07.01"]
[SourceVersion "1"]
[SourceVersionDate "2014.07.01"]
[SourceQuality "1"]

1. d4 d5 2. c4 e6 3. Nf3 Nf6 4. Nc3 Bb4 5. cxd5 exd5 6. Qa4+ Nc6 7. Bg5 h6 8.
Bxf6 Qxf6 9. e3 O-O 10. Be2 Bg4 11. O-O Rad8 12. Rac1 a6 13. Qb3 Be6 14. a3
Bxc3 15. Rxc3 Rb8 16. Rfc1 Na5 17. Qb4 Nc6 18. Qa4 Bd7 19. Qb3 Qd6 20. Rc5 Ne7
21. Rxc7 Bc6 22. Qb6 f6 23. g3 Rfd8 24. Nh4 Nc8 25. R1xc6 Nxb6 26. Rxd6 Rxd6
27. Nf5 Rd7 28. Ne7+ Kf8 29. Rxd7 Nxd7 30. Nxd5 Rc8 31. Nc3 b5 32. Bg4 Rc7 33.
Nd5 Rc1+ 34. Kg2 Ke8 35. Bf5 Rd1 36. Nc7+ Ke7 37. Nxa6 Rd2 38. b4 Nb6 39. Nc7
Nc4 40. Kf3 Nxa3 41. h4 Rb2 42. h5 Kf7 43. Be6+ Kf8 44. Na6 Nc2 45. Bd7 Nxb4
46. Bxb5 Nc2 47. Nc7 Ne1+ 48. Ke4 Rxf2 49. Ne6+ Kf7 50. Bc4 f5+ 51. Ke5 Nf3+
52. Kd6 Kf6 53. Nf8 Kg5 54. Ne6+ Kxh5 55. d5 Ng5 56. Ke7 Kg6 57. d6 Rd2 58. Nd4
Ne4 1-0

[Event "Wch Blitz 8th"]
[Site "Dubai"]
[Date "2014.06.20"]
[Round "13"]
[White "Laznicka, Viktor"]
[Black "Radjabov, Teimour"]
[Result "1-0"]
[WhiteElo "2679"]
[BlackElo "2724"]
[PlyCount "133"]
[EventDate "2014.06.19"]
[EventType "swiss (blitz)"]
[EventRounds "21"]
[EventCountry "UAE"]
[SourceTitle "CBM 160 Extra"]
[Source "ChessBase"]
[SourceDate "2014.07.01"]
[SourceVersion "1"]
[SourceVersionDate "2014.07.01"]
[SourceQuality "1"]

1. d4 Nf6 2. c4 g6 3. f3 Bg7 4. e4 d6 5. Be3 O-O 6. Ne2 c5 7. d5 e6 8. Nec3 Re8
9. Be2 exd5 10. cxd5 Nbd7 11. O-O Ne5 12. a4 a6 13. Na3 Bd7 14. h3 c4 15. Nxc4
Nxc4 16. Bxc4 Nh5 17. Rf2 Rc8 18. Bf1 f5 19. Bd4 Bh6 20. Qb3 Rb8 21. Re1 Bf4
22. Ne2 Bd2 23. Rd1 Bh6 24. exf5 gxf5 25. f4 b5 26. Qf3 Nf6 27. Ng3 bxa4 28.
Nh5 Nxh5 29. Qxh5 Bg7 30. Bxg7 Kxg7 31. Rd3 Qf6 32. Rg3+ Kh8 33. Bd3 Rf8 34.
Rg5 Rxb2 35. Rxb2 Qxb2 36. Qh6 Qf6 37. Rg6 Qd4+ 38. Kh2 Rg8 39. Rxd6 Qb2 40.
Bf1 Bb5 41. Rb6 Qg7 42. Qxg7+ Kxg7 43. Bxb5 axb5 44. Rxb5 Ra8 45. Rb2 a3 46.
Ra2 Kf6 47. Kg3 Ra4 48. Kf3 Ke7 49. g4 Kd6 50. gxf5 Kxd5 51. Kg4 Kc4 52. f6 Kb3
53. Ra1 Kb2 54. Rh1 a2 55. f7 Ra8 56. Kf5 a1=Q 57. Rxa1 Kxa1 58. Kf6 Kb2 59.
Kg7 Kc3 60. Kxh7 Kd4 61. Kg7 Ke4 62. h4 Kxf4 63. h5 Kg5 64. h6 Ra7 65. h7 Ra6
66. f8=Q Rg6+ 67. Kh8 1-0

[Event "Wch Blitz 8th"]
[Site "Dubai"]
[Date "2014.06.20"]
[Round "14"]
[White "Radjabov, Teimour"]
[Black "Ringoir, Tanguy"]
[Result "1/2-1/2"]
[WhiteElo "2724"]
[BlackElo "2506"]
[PlyCount "92"]
[EventDate "2014.06.19"]
[EventType "swiss (blitz)"]
[EventRounds "21"]
[EventCountry "UAE"]
[SourceTitle "CBM 160 Extra"]
[Source "ChessBase"]
[SourceDate "2014.07.01"]
[SourceVersion "1"]
[SourceVersionDate "2014.07.01"]
[SourceQuality "1"]

1. d4 f5 2. Nf3 Nf6 3. g3 g6 4. Bg2 Bg7 5. O-O O-O 6. c4 c6 7. Nc3 d6 8. b4 e5
9. dxe5 dxe5 10. e4 Qc7 11. Re1 fxe4 12. Ng5 Bf5 13. Ngxe4 Nxe4 14. Nxe4 Na6
15. Qb3 Rad8 16. Be3 Qf7 17. b5 cxb5 18. cxb5 Qxb3 19. axb3 Nb4 20. Rec1 a6 21.
bxa6 bxa6 22. h4 h6 23. Bc5 Nd3 24. Bxf8 Nxc1 25. Bxg7 Rd1+ 26. Kh2 Kxg7 27.
Nc5 Bc2 28. Rxa6 Nxb3 29. Ra7+ Kh8 30. Nd7 Rd2 31. Kg1 Rd1+ 32. Kh2 Rd2 33. Nf6
g5 34. hxg5 hxg5 35. Ng4 Bf5 36. Nxe5 Rxf2 37. Nf7+ Kg8 38. Nxg5 Nd4 39. Ra4
Rd2 40. Ra8+ Kg7 41. Kg1 Kf6 42. Nh3 Bxh3 43. Bxh3 Nf3+ 44. Kf1 Nh2+ 45. Ke1
Nf3+ 46. Kf1 Ke5 1/2-1/2

[Event "Wch Blitz 8th"]
[Site "Dubai"]
[Date "2014.06.20"]
[Round "15"]
[White "Kasimdzhanov, Rustam"]
[Black "Radjabov, Teimour"]
[Result "0-1"]
[WhiteElo "2700"]
[BlackElo "2724"]
[PlyCount "62"]
[EventDate "2014.06.19"]
[EventType "swiss (blitz)"]
[EventRounds "21"]
[EventCountry "UAE"]
[SourceTitle "CBM 160 Extra"]
[Source "ChessBase"]
[SourceDate "2014.07.01"]
[SourceVersion "1"]
[SourceVersionDate "2014.07.01"]
[SourceQuality "1"]

1. g3 g6 2. Bg2 Bg7 3. Nf3 c5 4. O-O Nc6 5. e4 d6 6. d3 Nf6 7. Nbd2 O-O 8. a4
Rb8 9. Nc4 Be6 10. Ne3 a6 11. Ng5 Bd7 12. f4 b5 13. axb5 axb5 14. Kh1 Qc7 15.
Bd2 b4 16. b3 Nd4 17. Rc1 Ra8 18. f5 Ra2 19. g4 Bb5 20. Rg1 Rfa8 21. Nf3 Nd7
22. Nd5 Qd8 23. Bg5 Nf6 24. Bxf6 Bxf6 25. Nxf6+ exf6 26. Nxd4 cxd4 27. Qd2 g5
28. Qxb4 Qb6 29. e5 dxe5 30. c4 dxc3 31. Rxc3 Rxg2 0-1

[Event "Wch Blitz 8th"]
[Site "Dubai"]
[Date "2014.06.20"]
[Round "16"]
[White "Radjabov, Teimour"]
[Black "Fedoseev, Vladimir"]
[Result "1-0"]
[WhiteElo "2724"]
[BlackElo "2662"]
[PlyCount "130"]
[EventDate "2014.06.19"]
[EventType "swiss (blitz)"]
[EventRounds "21"]
[EventCountry "UAE"]
[SourceTitle "CBM 160 Extra"]
[Source "ChessBase"]
[SourceDate "2014.07.01"]
[SourceVersion "1"]
[SourceVersionDate "2014.07.01"]
[SourceQuality "1"]

1. Nf3 d5 2. d4 Nf6 3. c4 e6 4. Nc3 Bb4 5. cxd5 exd5 6. Qa4+ Nc6 7. Bg5 O-O 8.
e3 h6 9. Bxf6 Qxf6 10. Be2 Qg6 11. O-O Bh3 12. Ne1 Rfd8 13. Rc1 a6 14. Kh1 Be6
15. Nd3 Bd6 16. Rfd1 Ne7 17. Nc5 Bc8 18. Qb3 c6 19. N3a4 Rb8 20. Nc3 h5 21. Bd3
Qf6 22. Qc2 h4 23. h3 Bxh3 24. gxh3 Qf3+ 25. Kg1 Qxh3 26. f3 Qxf3 27. Qf2 Qg4+
28. Qg2 Bg3 29. Ne2 Rd6 30. Rf1 Ng6 31. Rf3 Rf6 32. Rcf1 Re8 33. Nxg3 h3 34.
Qf2 Rxf3 35. Qxf3 Qxf3 36. Rxf3 Nh4 37. Rf4 Ng2 38. Rf2 b6 39. Bxa6 bxc5 40.
dxc5 Nxe3 41. Be2 Rb8 42. b3 Ra8 43. a4 Rb8 44. Rf3 d4 45. Nf1 Nd5 46. a5 Nc3
47. Bc4 Kh7 48. a6 f6 49. Rxh3+ Kg6 50. Rg3+ Kh6 51. Rg4 Rd8 52. Nd2 g6 53. Nf3
d3 54. Nd2 f5 55. Rh4+ Kg5 56. Rh3 Ne2+ 57. Kf2 Nf4 58. Rg3+ Kf6 59. b4 Rb8 60.
Ke3 g5 61. Kf2 Rxb4 62. Re3 Rb2 63. a7 Rxd2+ 64. Kf1 Rd1+ 65. Re1 Rd2 1-0

[Event "Wch Blitz 8th"]
[Site "Dubai"]
[Date "2014.06.20"]
[Round "17"]
[White "Radjabov, Teimour"]
[Black "Safarli, Eltaj"]
[Result "1/2-1/2"]
[WhiteElo "2724"]
[BlackElo "2649"]
[PlyCount "90"]
[EventDate "2014.06.19"]
[EventType "swiss (blitz)"]
[EventRounds "21"]
[EventCountry "UAE"]
[SourceTitle "CBM 160 Extra"]
[Source "ChessBase"]
[SourceDate "2014.07.01"]
[SourceVersion "1"]
[SourceVersionDate "2014.07.01"]
[SourceQuality "1"]

1. d4 Nf6 2. Bg5 e6 3. Nf3 d5 4. e3 Be7 5. c3 c5 6. Nbd2 b6 7. Bb5+ Bd7 8. Bd3
Nc6 9. Qe2 h6 10. Bh4 O-O 11. Ne5 Nxe5 12. dxe5 Ne8 13. Bxe7 Qxe7 14. O-O Bc6
15. f4 f5 16. exf6 Nxf6 17. Nf3 Nd7 18. Bc2 e5 19. fxe5 Nxe5 20. Nxe5 Qxe5 21.
Qd3 Qe4 22. Qxe4 dxe4 23. Rad1 Rxf1+ 24. Kxf1 Rf8+ 25. Ke1 Bb5 26. Bxe4 Rf1+
27. Kd2 Rxd1+ 28. Kxd1 Kf7 29. b4 cxb4 30. cxb4 Ke6 31. Kd2 Ke5 32. Bf3 Bc4 33.
a3 g5 34. Kc3 Be6 35. Kd3 Bb3 36. Kd2 Bc4 37. g3 Be6 38. h4 Bc4 39. hxg5 hxg5
40. Kc3 Be6 41. Kd3 Bb3 42. Bg2 Be6 43. Ke2 Bg4+ 44. Bf3 Be6 45. Kd3 Bb3
1/2-1/2

[Event "Wch Blitz 8th"]
[Site "Dubai"]
[Date "2014.06.20"]
[Round "18"]
[White "Amin, Bassem"]
[Black "Radjabov, Teimour"]
[Result "0-1"]
[WhiteElo "2635"]
[BlackElo "2724"]
[PlyCount "68"]
[EventDate "2014.06.19"]
[EventType "swiss (blitz)"]
[EventRounds "21"]
[EventCountry "UAE"]
[SourceTitle "CBM 160 Extra"]
[Source "ChessBase"]
[SourceDate "2014.07.01"]
[SourceVersion "1"]
[SourceVersionDate "2014.07.01"]
[SourceQuality "1"]

1. e4 e5 2. Nf3 Nc6 3. Bb5 Nf6 4. O-O Nxe4 5. Re1 Nd6 6. Nxe5 Be7 7. Bf1 Nxe5
8. Rxe5 O-O 9. d4 Bf6 10. Re1 Nf5 11. c3 d6 12. Nd2 Bg5 13. Bd3 Ne7 14. Qh5 Ng6
15. Nf3 Bxc1 16. Raxc1 Qf6 17. Qg5 Qxg5 18. Nxg5 Bd7 19. Bxg6 hxg6 20. Re7 Rad8
21. Rce1 a5 22. d5 c6 23. dxc6 bxc6 24. h3 d5 25. g4 c5 26. R1e5 Bc8 27. Rc7 d4
28. cxd4 cxd4 29. Ree7 d3 30. Re1 Ba6 31. Rd1 Rfe8 32. Nf3 Re2 33. Rd2 Rde8 34.
Rc6 Bb7 0-1

[Event "Wch Blitz 8th"]
[Site "Dubai"]
[Date "2014.06.20"]
[Round "20"]
[White "Nguyen, Ngoc Truong Son"]
[Black "Radjabov, Teimour"]
[Result "1/2-1/2"]
[WhiteElo "2621"]
[BlackElo "2724"]
[PlyCount "105"]
[EventDate "2014.06.19"]
[EventType "swiss (blitz)"]
[EventRounds "21"]
[EventCountry "UAE"]
[SourceTitle "CBM 160 Extra"]
[Source "ChessBase"]
[SourceDate "2014.07.01"]
[SourceVersion "1"]
[SourceVersionDate "2014.07.01"]
[SourceQuality "1"]

1. d4 e6 2. Nf3 f5 3. d5 d6 4. dxe6 Bxe6 5. Nd4 Bd7 6. g3 Nf6 7. Bg2 Nc6 8. O-O
Be7 9. c3 Nxd4 10. cxd4 d5 11. Nd2 O-O 12. Qb3 Bc8 13. Nf3 c6 14. Ne5 Qb6 15.
Qd3 a5 16. a4 Ne4 17. b3 Be6 18. Ba3 Bxa3 19. Rxa3 Rae8 20. e3 Qb4 21. Raa1 Bc8
22. Rfc1 Qd6 23. f3 Nf6 24. Qc3 Qc7 25. b4 axb4 26. Qxb4 g5 27. f4 gxf4 28.
exf4 Ne4 29. a5 Rf6 30. Qb6 Qg7 31. a6 bxa6 32. Rxc6 Ref8 33. Rxf6 Qxf6 34.
Qxf6 Rxf6 35. Rc1 Bb7 36. Rc7 Rb6 37. Bh3 Rb1+ 38. Kg2 Nd6 39. Rd7 Nc4 40. Kf2
Rb2+ 41. Ke1 Ne3 42. Re7 Rxh2 43. Rxb7 Rxh3 44. Kf2 Ng4+ 45. Nxg4 fxg4 46. Kg2
Rh6 47. Rd7 a5 48. Ra7 Rb6 49. Rxa5 Rb2+ 50. Kf1 Rb3 51. Kg2 Rb2+ 52. Kf1 Rb3
53. Kg2 1/2-1/2

[Event "Wch Blitz 8th"]
[Site "Dubai"]
[Date "2014.06.20"]
[Round "21"]
[White "Anand, Viswanathan"]
[Black "Radjabov, Teimour"]
[Result "1-0"]
[WhiteElo "2785"]
[BlackElo "2724"]
[PlyCount "73"]
[EventDate "2014.06.19"]
[EventType "swiss (blitz)"]
[EventRounds "21"]
[EventCountry "UAE"]
[SourceTitle "CBM 160 Extra"]
[Source "ChessBase"]
[SourceDate "2014.07.01"]
[SourceVersion "1"]
[SourceVersionDate "2014.07.01"]
[SourceQuality "1"]

1. e4 e5 2. Nf3 Nc6 3. Bb5 Nf6 4. d3 Bc5 5. Bxc6 dxc6 6. Nbd2 Be6 7. O-O Nd7 8.
Nb3 Bd6 9. Ng5 Qe7 10. Nxe6 Qxe6 11. Na5 Rb8 12. a4 O-O 13. Nc4 b6 14. Kh1 a5
15. b3 Rbe8 16. Qh5 c5 17. Bd2 Nf6 18. Qf3 Nd7 19. Qg3 f5 20. exf5 Rxf5 21.
Rae1 Qf7 22. f3 Re6 23. Qf2 Qe8 24. Re2 Rff6 25. Rfe1 h6 26. Re4 Qh5 27. Qh4
Qf7 28. Qh3 Kh7 29. f4 Re7 30. Kg1 Re8 31. g4 Rg6 32. Kh1 Rf6 33. f5 Kg8 34.
Qg2 Qf8 35. Rf1 g6 36. Bxh6 Qf7 37. Bg5 1-0

[Event "Olympiad-41"]
[Site "Tromsoe"]
[Date "2014.08.02"]
[Round "1.1"]
[White "Radjabov, Teimour"]
[Black "Obodchuk, Andrei"]
[Result "1-0"]
[WhiteElo "2724"]
[BlackElo "2372"]
[PlyCount "99"]
[EventDate "2014.08.02"]
[EventType "team-swiss"]
[EventRounds "11"]
[EventCountry "NOR"]
[SourceTitle "CBM 162"]
[Source "ChessBase"]
[SourceDate "2014.09.17"]
[SourceVersion "1"]
[SourceVersionDate "2014.09.17"]
[SourceQuality "1"]
[WhiteTeam "Azerbaijan"]
[BlackTeam "IPCA"]
[WhiteTeamCountry "AZE"]

1. d4 Nf6 2. c4 g6 3. Nf3 Bg7 4. g3 O-O 5. Bg2 d5 6. cxd5 Nxd5 7. O-O Nb6 8.
Nc3 Nc6 9. e3 Re8 10. h3 a5 11. d5 Na7 12. e4 Bd7 13. Bf4 c6 14. Be5 Bh6 15.
Qe2 cxd5 16. exd5 Qc8 17. Bd4 Nc4 18. a4 Nd6 19. g4 Qc4 20. Qe5 f6 21. Qg3 b5
22. b3 Qb4 23. Rfb1 Nf7 24. Ne4 Nc8 25. Nc5 Ng5 26. Nxg5 Qxd4 27. Nge6 Bxe6 28.
Nxe6 Qb4 29. d6 Nxd6 30. Bxa8 Rxa8 31. Qf3 Rb8 32. axb5 Qxb5 33. Nd4 Qb6 34.
Nc6 Re8 35. Rxa5 f5 36. Qd5+ Kh8 37. Qd4+ Qxd4 38. Nxd4 e5 39. Nc6 e4 40. Rd5
Bf8 41. Rbd1 e3 42. fxe3 fxg4 43. hxg4 Rxe3 44. b4 Re6 45. Nd8 Re3 46. Rxd6
Bxd6 47. Rxd6 Re4 48. b5 Rxg4+ 49. Kf2 Rb4 50. b6 1-0